000
00313nam a2200121Ia 4500
008
231129s2005||||xx |||||||||||||| ||spa||
082
_a
ER- 377
100
_a
LA TARDE
245
0
_a
Treinta aƱos: testimonio de fe
260
_c
2005
264
_a
Pereira: Panamericana Formas e Impresos 2005
942
_2
ddc
_c
BKS
999
_c
25665
_d
25665